Allgemeinwissen & mehr (Teil 5) - Statistiken

Allgemein
  • Dieses Quiz wurde 432 mal gespielt
  • Das Durchschnittsergebnis liegt bei 8 aus 20
Antwortstatistiken
Frage Antwort % Korrekt
Welche Farbe muss ein Maler mit blau mischen, um grün zu erhalten? Gelb
89%
Wie heißt die letzte Primzahl unter 100? 97
83%
Welche Anrede wurde 1972 vom Bundesinnenminister aus dem offiziellen Gebrauch gestrichen und durch "Frau" ersetzt? Fräulein
70%
In welchem Sinnesorgan befindet sich der nach seinem Entdecker benannte Schlemm-Kanal? Auge
68%
Welcher österreichische Musiker starb 1998 bei einem Autounfall in der Dominikanischen Republik? Falco
58%
Die drittgrößte Stadt welches deutschen Bundeslandes heißt genau wie das Bundesland? Brandenburg
56%
Wofür steht die Abkürzung im Namen des Videopielherstellers EA? Electronic Arts
55%
Welcher Ingenieur und Erfinder ist auf den 50-Cent-Münzen Kroatiens abgebildet? Nikola Tesla
43%
In welcher der drei unabhängigen Kaukasus-Republiken ist der Islam die vorherrschende Religion? Aserbaidschan
34%
Wie nennt man in der Musik das Vorzeichen #, das beispielsweise ein F zu einem Fis macht? Kreuz
34%
In welcher US-Serie spielte Tony Shalhoub einen neurotischen Detektiv? Monk
29%
Welcher Schauspieler erhielt 1996 den Oscar für die beste Regie für den Film "Braveheart"? Mel Gibson
28%
Welche Bezeichnung für das jüngste von mehreren Geschwistern ist auch der Titel eines Jugendbuchs und einer ZDF-Weihnachtsserie von 1983? Nesthäkchen
28%
Vervollständige das Palindrom: Erika feuert nur u______ F_____ untreue Fakire
25%
Das Aroma welcher Pflanze ist kennzeichnend für eine Maibowle? Waldmeister
24%
Welches europäische Land wurde bis 1946 von einem Zaren regiert? Bulgarien
21%
Wie nannte sich der Schauspieler Mark Wahlberg während seiner früheren Karriere als Sänger? Marky Mark
21%
Welche israelische Filmreihe, die 1978 startete, heißt im Original "Eskimo Limon"? Eis am Stiel
14%
Wer war 1988 der bisher letzte deutsche Ministerpräsident, der im Amt verstorben ist? Franz Josef Strauß
5%
In welcher Novelle von Franz Kafka befiehlt ein Vater seinem Sohn, sich zu ertränken, der sich daraufhin von einer Brücke stürzt? Das Urteil
4%
Keine übereinstimmenden Quizze gefunden
Verteilung der Resultate
Anzahl Personen mit jedem Resultat
Perzentil nach korrekt beantworteten Fragen
Ihre Resultats-Entwicklung
Sie haben dieses Quiz noch nicht gespielt